Podnikanie v stavebníctve

Salvato in:
Dettagli Bibliografici
Autore principale: Chodasová, Alena
Ente Autore: Ekonomická univerzita v Bratislave. Fakulta podnikového manažmentu
Altri autori: Kotlán, Richard, Chodasová, Zuzana
Natura: Libro
Lingua:slovacco
Pubblicazione: Bratislava Vydavateľstvo EKONÓM 1999
Soggetti:
Tags: Aggiungi Tag
Nessun Tag, puoi essere il primo ad aggiungerne!!

MARC

LEADER 00000nam a2200000 4500
001 c115549
005 20230313081652.3
020 |a 80-225-1162-5 
041 0 |a slo 
044 |a SK 
245 1 0 |a Podnikanie v stavebníctve  |c Alena Chodasová a kolektív 
264 1 |a Bratislava  |b Vydavateľstvo EKONÓM  |c 1999 
300 |a 150 s. 
610 2 0 |a stavebníctvo 
610 2 0 |a podnikanie 
610 2 0 |a odvetvia činnosti ekonomickej 
610 2 0 |a transformácia 
610 2 0 |a hospodárstvo trhové 
610 2 0 |a podnik stavebný 
610 2 0 |a hospodárstvo podnikové 
610 2 0 |a materiál 
610 2 0 |a výroba stavebná 
610 2 0 |a náklady 
610 2 0 |a kontroling 
610 2 0 |a výsledok hospodársky 
610 2 0 |a zákony 
610 2 0 |a Slovensko 
100 1 |a Chodasová, Alena 
700 1 |a Kotlán, Richard 
700 1 |a Chodasová, Zuzana 
710 2 |a Ekonomická univerzita v Bratislave. Fakulta podnikového manažmentu